000 00553nam a2200157 i 4500
001 62616
003 ES-MaACL
005 20230906164712.0
007 t|
008 031124s1955 sp ||||1| spa d
100 1 _aFernández Heras, Amado.
_949843
245 1 0 _aReglamentaciones de trabajo y estatutos de mutualidades laborales /
_cíndices con modificaciones y aclaraciones por Amado Fernández Heras.
260 _aZaragoza :
_b[s.n.],
_c1955 (
_fTalleres Gráficos La Editorial)
300 _a97 p. ;
_c21 cm.
852 _aES-MaACL
_j1989-F-8
_bR.37205
999 _c62616
_d62616